1543 1229 1915 1380 1031 1982 1966 1235 1881 1598 1723 1653 1755 1045 1480 1162 1525 1778 1373 1232 1352 1458 1632 1345 1348 1729 1286 1820 1030 1824 1764 1534 1376 1729 1469 1153 1175 1139 1303 1318 1429 1722 1428 1755 1406 1969 1563 1459 1813 1689 1149 1102 1453 1131 1727 1407 1497 1870 1669 1383 1203 1245 1854 1707 1893 1948 1238 1367 1292 1447 1948 1174 1982 1370 1670 1727 1105 1639 1677 1625 1742 1612 1624 1671 1477 1936 1972 1870 1155 1605 1994 1698 1303 1057 1683 1551 1255 1404 1141 BCNSPRNW ULIB Ver.6.0+V

เปลี่ยนเป็นภาษาไทย

Change to English
 แสดงรายละเอียดบรรณานุกรม
  กลับหน้าหลัก

Brief Record : Get Marc (ISO 2709) : E-mail record : QR code < ปิดหน้าต่าง
LEADER : 00000nam 2200000uu 4500
001    13399111740
003     ULIB
008    110707s2549||||th 000 0 tha d
020    9749378164
050  4 DS414.2^bพ366ก 2549
100 0  พระราชธรรมมุนี (เกียรติ สุกิตฺติ)
245 10 เกี่ยวกับอินเดีย /^cพระราชธรรมมุนี (เกียรติ สุกิตฺติ)
250    พิมพ์ครั้งที่ 9 [ปรับปรุงเพิ่มเติม]
260    กรุงเทพฯ :^bวัดจักรวรรดิราชาวาส วรมหาวิหาร,^c2549
300    9, 278 หน้า :^bภาพประกอบสี ;^c21 ซม.
650  4 พุทธศาสนา^zอินเดีย
650  4 พุทธศาสนา^xบทสวดมนต์
650  4 กรรม
650  4 สังเวชนียสถาน
651  7 อินเดีย^xภูมิประเทศและการท่องเที่ยว
945    ^p0^l0^i020308
995    ทศพร
999 ^a ใช้งานได้ทุกระบบ
รายการนี้ยังไม่มีแท็ก
คุณยังไม่ได้ล็อกอิน คุณสามารถมีกิจกรรมร่วมกับเว็บไซต์ได้ แต่ต้องล็อกอินก่อน ::
  ล็อกอิน

รายการสื่อสารสนเทศ

ลำดับที่ ประเภท เลขเรียก/บาร์โค้ด สถานที่ สถานะ
- ไม่พบข้อมูล -

รายการใกล้เคียง
    หัวเรื่อง [กรรม]

BibComment


ยังไม่เคยถูกคอมเมนท์

คอมเมนท์ทรัพยากรรายการนี้
  คอมเมนท์: เกี่ยวกับอินเดีย ..


 Copyright 2026. Bcnsprnw @Library